Chuông gió : Tập truyện ngắn

保存先:
書誌詳細
第一著者: Hoàng, Thái Sơn
フォーマット: 図書
言語:Undetermined
出版事項: Hà Nội Hội nhà văn 2020
主題:
タグ: タグ追加
タグなし, このレコードへの初めてのタグを付けませんか!
Thư viện lưu trữ: Trung tâm Học liệu Trường Đại học Cần Thơ
LEADER 00569nam a2200193Ia 4500
001 CTU_239689
008 210402s9999 xx 000 0 und d
082 |a 895.9223008 
082 |b S464 
100 |a Hoàng, Thái Sơn 
245 0 |a Chuông gió : 
245 0 |b Tập truyện ngắn 
245 0 |c Hoàng Thái Sơn 
260 |a Hà Nội 
260 |b Hội nhà văn 
260 |c 2020 
650 |a Truyện ngắn Việt Nam,Short stories, Vietnamese 
910 |b nthai 
980 |a Trung tâm Học liệu Trường Đại học Cần Thơ